000 01096cam a22002175a 4500
001 L137982
008 070510s2007 xxk f f000 0 eng d
035 _a(Sirsi) u137982
041 0 _aeng
050 0 4 _a306.1 $2 18
110 2 _aUnited Kingdom
_bDepartment for Communities and Local Government
_94939
245 0 0 _aHousing market information
_badvice note
_h[electronic resource]
260 _aLondon
_bDCLG
_c2007
520 _aOutlines an approach for local and regional planners to better understand housing markets. This enables authorities to follow the guidelines of Planning Policy Statement Three. Identifies the core housing market indicators: affordability, growth in house prices and low demand. Provides advice on how to assess these indicators.
590 _aKA
650 2 4 _aPLANNING POLICY STATEMENT 3
651 4 _aEngland and Wales
_y1543-
690 _aENVIRONMENTAL AND LAND CONSULTANCY-PLANNING AND DEVELOPMENT-STRATEGIC PLANNING
856 4 0 _uhttps://www.communities.gov.uk/index.asp?id=1510277
_zView the item free of charge at www.communities.gov.uk
942 _n0
999 _c106960
_d106960